LDR 00790naa#a2200193#i#450# 001 EN\INFRA-M\bibl\100394 005 20260502080150.6 011 ## _a2712-9640 100 ## _a20260325b2026####ek#y0engy0150####ca 102 ## _aRU 200 1# _aStudying the influence of geomagnetic storms on parameters of the ionospheric F2 layer during solar activity cycle 24 _eJournal article 210 1# _aMoscow _cINFRA-M Academic Publishing LLC. _d2026 215 ## _a7 с. 608 ## _aJournal article _2local 675 ## _aИоносфера: теории, влияния ионосферы, распределение и т. д.. 550.388.2 _z 686 ## _aЕСТЕСТВЕННЫЕ НАУКИ. МАТЕМАТИКА. 6 _2tbk 700 #1 _aSidorenko _gKlim Andreevich 700 #1 _aVasenina _gAlena Andreevna 856 4# _azh-szf.ru _u